| 000 | 00577nam a2200193 a 4500 | ||
|---|---|---|---|
| 020 | _a0256026408 | ||
| 082 | 0 | 0 |
_a658 _bTER _cD |
| 100 | 1 |
_aTerry, George Robert. _944631 |
|
| 245 | 1 | 0 |
_aPrinciples of management / _cGeorge R. Terry, Stephen G. Franklin. |
| 250 | _a8th ed. | ||
| 260 |
_aHomewood, Ill. : _bR.D. Irwin, _c1982. |
||
| 300 |
_axix, 614 p. : _bill. ; _c25 cm. |
||
| 500 | _aIncludes indexes. | ||
| 526 |
_a0 _b0 _c0 _d658_000000000000000_TER |
||
| 650 | 0 | _aIndustrial management. | |
| 650 | 0 |
_aMCE _9379 |
|
| 700 | 1 |
_aFranklin, Stephen G. _944632 |
|
| 942 |
_2ddc _cBK |
||
| 999 |
_c548366 _d548366 |
||